Responsabilidad civil del empresario

Bibliographic Details
Main Author: Mckay Alliende, Federico
Format: eBook
Language:Spanish
Published: Santiago de Chile: Universidad de los Andes (Chile), 1996
Subjects:
Online Access:Acceso restringido

MARC

LEADER 00000nam a22000007a 4500
005 20190416221534.0
007 cr|||| ||||
008 190416s1996 cl |||||s|||| 00||0 spa d
020 |a 956-7160-07 
035 |a 21272 
040 |a vLex 
090 |c 8642  |d 8642 
100 1 |a Mckay Alliende, Federico 
245 1 0 |a Responsabilidad civil del empresario  |h [Recurso electrn̤ico] /  |c Federico Mckay Alliende 
256 |a Servicio en ln̕ea 
260 |a Santiago de Chile:  |b Universidad de los Andes (Chile),  |c 1996 
300 |a 1 recurso electrn̤ico 
506 1 |a Disponible solo en los productos indicados  |d vLex Global  |d vLex Global (Academic Edition, excluding Law Schools)  |d vLex Global (U.S. Academic Edition, Law Schools)  |d vLex Global (U.S. Academic Edition, excluding Law Schools)  |d vLex Global (Academic Edition, Law Schools) 
650 0 4 |a Derecho Civil  |z Chile 
650 0 4 |a Derecho Mercantil y de la Empresa  |z Chile 
740 0 |a vLex Libros (Servicio en ln̕ea) 
856 4 0 |u http://vlex.com/source/responsabilidad-civil-del-empresario-21272  |z Acceso restringido 
942 |c BOOK 
999 0 |a Civil Law 
999 0 |a Business and Company Law